Doing data analysis with Minitab 12 / (Record no. 22049)

000 -LEADER
fixed length control field 00445cam a2200169 a 4500
020 ## - INTERNATIONAL STANDARD BOOK NUMBER
ISBN 0534359248
040 ## - CATALOGING SOURCE
Transcribing agency DLC
082 04 - DEWEY DECIMAL CLASSIFICATION NUMBER
Classification number 519 CAR 1999 C332 Or.
100 1# - MAIN ENTRY--AUTHOR NAME
Personal name Carver, Robert H
245 10 - TITLE STATEMENT
Title Doing data analysis with Minitab 12 /
260 ## - PUBLICATION, DISTRIBUTION, ETC. (IMPRINT)
Place of publication Pacific Grove :
Name of publisher Duxbury Press,
Year of publication 1999
300 ## - PHYSICAL DESCRIPTION
Number of Pages xv, 285 p. :
Other physical details ill. ;
Dimensions 24 cm
500 ## - GENERAL NOTE
General note Includes index
650 #0 - SUBJECT ADDED ENTRY--TOPICAL TERM
Topical Term Statistics
650 #0 - SUBJECT ADDED ENTRY--TOPICAL TERM
Topical Term Mathematical statistics
942 ## - ADDED ENTRY ELEMENTS (KOHA)
Koha item type ADB
952 ## - LOCATION AND ITEM INFORMATION (KOHA)
Withdrawn status [LOCAL, KOHA] 0
Holdings
Permanent Location Date acquired Koha item type Lost status Shelving location Barcode Current Location Full call number
Library Block C2023-10-24ADB C332a73039Library Block C519 CAR 1999 C332 Or.
មជ្ឈមណ្ឌលឯការនៃសាកលវិទ្យាល័យភូមិន្ទកសិកម្មចំការដូង

Powered by Koha